| 000 | 01364nam a22002657a 4500 | ||
|---|---|---|---|
| 001 | 114041 | ||
| 003 | DR-UNIBE | ||
| 005 | 20260219093343.0 | ||
| 008 | 250808b2019 dr ||||| |||| 00| 0 spa d | ||
| 020 | _a9789945168082 | ||
| 040 |
_aBIBLIOTECA UNIBE _cBIBLIOTECA UNIBE _erda |
||
| 041 | _aspa | ||
| 082 | _aRD 616.891 V496h 2019 | ||
| 100 |
_aVergés, Luis _d1962- _9155742 |
||
| 245 | 1 | 0 |
_aHabilidades para la entrevista psicoterapéutica en la práctica clínica / _cLuis Vergés |
| 250 | _aSexta edición | ||
| 260 |
_aSanto Domingo : _b[Editor no identificado], _c2019 |
||
| 300 | _a370 páginas | ||
| 505 | _aIntroducción | Aspectos generales de la entrevista psicoterapéutica y de la conserjería| Tipos de entrevistas| Cualidades esenciales de un entrevistador | La personalidad del terapeuta y su papel en el proceso de entrevista | La entrevista inicial y su papel en el proceso terapéutico y/o de consejería | Habilidades para fomentar una relación de colaboración en la entrevista | Conducta no verbal del cliente | Los diferentes tipos de respuestas del terapeuta o el consejero | Plan de tiramiento | Apéndices | | ||
| 650 | 7 |
_2lemb _aPsicoterapia _vEntrevistas _9202543 |
|
| 650 | 7 |
_2lemb _aPsicología |
|
| 700 | 1 |
_aCuevas, Yris M. _ediagramador _9146423 |
|
| 700 | 1 |
_aLlano, Kilia _eilustrador _9198278 |
|
| 942 |
_2ddc _cBK |
||
| 999 |
_c114041 _d114041 |
||